Quiz des légumes - Statistiques

Statistiques générales
  • Ce quiz a été pris 315 fois
  • Le résultat moyen est 12 sur 16
Statistiques - réponses
Par images Réponse % Correct
carotte
100%
poivron
98%
concombre
96%
oignon
96%
brocoli
95%
citrouille
92%
piment
92%
poireau
90%
haricot
88%
ail
86%
navet
81%
choux fleur
72%
butternut
51%
panais
47%
topinambour
36%
céleri branche
19%
Aucun quiz correspondant
Distribution des résultats
% des personnes avec chaque résultat
Percentile par nombre de réponses
Votre historique - résultats
Vous n’avez pas pris ce quiz